[Event "FSGM September"]
[Site "Budapest HUN"]
[Date "2009.09.13"]
[Round "9"]
[White "Berczes,D"]
[Black "Varga,Zo"]
[Result "1/2-1/2"]
[WhiteElo "2521"]
[BlackElo "2481"]

1.d4 d5 2.c4 c6 3.Nf3 Nf6 4.Nc3 e6 5.e3 Nbd7 6.Qc2 a6 7.b3 Bd6 8.Be2 e5 9.cxd5 cxd5
10.dxe5 Nxe5 11.Bb2 Nxf3+ 12.Bxf3 Be6 13.O-O Rc8 14.Qd2 Qa5 15.Rac1 O-O 16.Rfd1 Bb4
17.a3 Bxa3 18.Ra1 Bxb2 19.Rxa5 Bxc3 20.Qa2 Bxa5 21.Qxa5 Rc6 22.h3 h6 23.Qb4 b5
24.Qd4  1/2-1/2

[Event "ch-NED"]
[Site "Haaksbergen NED"]
[Date "2009.09.13"]
[Round "2"]
[White "Miedema,R"]
[Black "Cuijpers,F"]
[Result "0-1"]
[WhiteElo "2396"]
[BlackElo "2480"]

1.d4 d5 2.c4 c6 3.Nc3 Nf6 4.e3 e6 5.Nf3 Nbd7 6.Qc2 Bd6 7.g4 dxc4 8.Bxc4 e5
9.g5 Nd5 10.Bd2 exd4 11.Qe4+ Qe7 12.Qxd4 Ne5 13.Nxe5 Bxe5 14.Nxd5 cxd5 15.Bb5+ Kf8
16.Qxd5 Bxb2 17.Rb1 Be6 18.Qg2 Ba3 19.O-O Rd8 20.Rfd1 Bxa2 21.Bb4 Bxb4 22.Rxd8+ Qxd8
23.Rxb4 g6 24.f4 Qd1+ 25.Bf1 Bd5 26.Qh3 h5 27.gxh6 Kg8 28.f5 Qh5 29.fxg6 Qxh3
30.gxf7+ Kxf7 31.Bxh3 Rxh6 32.Bc8 b6 33.Rd4 Bc6 34.e4 a5 35.e5 b5 36.e6+ Ke7
37.Bd7 Bxd7 38.Rxd7+ Kxe6 39.Ra7 Rg6+ 40.Kf2 a4 41.Ra5 Rg5 42.Ke3 Kd6 43.Kf4 Rd5
44.Ke4 Rh5 45.Kd4 Rh4+ 46.Kc3 Kc5 47.Ra8 Rh3+  0-1

[Event "ch-RUS HL"]
[Site "Ulan Ude RUS"]
[Date "2009.09.13"]
[Round "11"]
[White "Popov,Iv RUS"]
[Black "Inarkiev,E"]
[Result "0-1"]
[WhiteElo "2582"]
[BlackElo "2664"]

1.d4 d5 2.c4 c6 3.Nc3 Nf6 4.e3 e6 5.Nf3 Nbd7 6.Qc2 Bd6 7.e4 dxe4 8.Nxe4 Nxe4
9.Qxe4 c5 10.Bg5 Qa5+ 11.Bd2 Qc7 12.Qg4 cxd4 13.Qxg7 Be5 14.Nxe5 Qxe5+ 15.Qxe5 Nxe5
16.O-O-O f6 17.f4 Ng4 18.Re1 Bd7 19.Be2 Rg8 20.Rhf1 f5 21.h3 Nf6 22.g4 Ne4
23.gxf5 exf5 24.Bh5+ Ke7 25.Rd1 Be6 26.Rfe1 Kf6 27.Bb4 a5 28.Ba3 b5 29.b3 bxc4
30.Rxd4 Rg3 31.Bb2 c3 32.Ba3 Rxh3 33.Bd1 Rg8 34.Ra4 Rg2 35.Rxa5 Rhh2 36.Bb4 Rxa2
37.Rxe4 fxe4 38.Bxc3+ Kf7 39.f5 Bd7 40.Rd5 Bc6 41.Rc5 e3 42.Rxc6 e2 43.Rf6+ Kg8
44.Bxe2 Raxe2 45.Kd1 Ref2 46.Re6 Rxf5 47.Re2 Rh3 48.Be1 Rxb3 49.Rg2+ Kf7
50.Rf2 Rxf2 51.Bxf2 Rb4 52.Ke2 Rg4 53.Kf3 h5  0-1

[Event "USCL 2009"]
[Site "ICC INT"]
[Date "2009.09.14"]
[Round "3"]
[White "Zaremba,An"]
[Black "Herman,Ma"]
[Result "0-1"]
[WhiteElo "2360"]
[BlackElo "2149"]

1.d4 d5 2.Nf3 Nf6 3.c4 c6 4.Nc3 e6 5.e3 Nbd7 6.cxd5 exd5 7.Bd3 Bd6 8.O-O O-O
9.Qc2 Re8 10.e4 dxe4 11.Nxe4 Nxe4 12.Bxe4 Nf6 13.Bf5 Qa5 14.Bxc8 Raxc8 15.Bg5 Ne4
16.Bh4 Qd5 17.Rfe1 Re6 18.Re3 f5 19.Rae1 Rce8 20.Ng5 Nxg5 21.Bxg5 f4 22.Rxe6 Rxe6
23.Rxe6 Qxe6 24.Qb3 Qxb3 25.axb3 h6 26.Bd8 Kf7 27.f3 Ke6 28.Ba5 Kd5 29.Kf1 Kxd4
30.Bc3+ Kd3 31.Bxg7 h5 32.Kf2 Bc5+ 33.Kf1 Ke3 34.Bh6 h4 35.h3 Be7 36.Bg7 a6
37.Be5 b5 38.Bc3 Kd3 39.Be5 Kc2 40.Ke2 Kxb3 41.Kd2 Bg5 42.Kc1 c5 43.Kb1 a5
44.Bc3 b4 45.Bd2 c4 46.Bc1 c3 47.bxc3 bxc3 48.Ka1 Bf6  0-1

[Event "7th ch-Mediterranean"]
[Site "Rijeka CRO"]
[Date "2009.09.14"]
[Round "5"]
[White "Doric,N"]
[Black "Savic,Miro"]
[Result "1/2-1/2"]
[WhiteElo "2356"]
[BlackElo "2288"]

1.d4 d5 2.c4 c6 3.Nf3 Nf6 4.Nc3 e6 5.e3 Nbd7 6.Bd3 a6 7.e4 dxe4 8.Nxe4 Nxe4
9.Bxe4 Nf6 10.Bc2 Be7 11.O-O O-O 12.Bg5 c5 13.Qd3 g6 14.Rad1 cxd4 15.Qxd4 Qxd4
16.Rxd4 Kg7 17.Ne5 h6 18.Bd2 b5 19.cxb5 axb5 20.Bb3 Bc5 21.Rf4 g5 22.Rf3 Ne4
23.Rd3 Ba6 24.Be3 Bd6 25.Bd4 f6 26.Nd7 Rfd8 27.Bxe6 b4 28.Re3 Bxf1 29.Rxe4 Rxd7
30.Bxd7 Bd3 31.Re6 Be5 32.Bxe5 fxe5 33.Re7+ Kf6 34.Re6+ Kg7 35.Re7+ Kf8 36.Rxe5 Rxa2
37.h3 Rxb2 38.Bb5 Bg6 39.Re6 Kg7 40.Rb6 Bf7 41.Ba4 b3 42.Rb7 Kf6 43.Kh2 h5
44.h4 gxh4 45.Rb4 Be6 46.Rxh4 Bg4 47.f3 Kg5 48.Kg3 Bf5 49.Rb4 Be6 50.Rb5+ Kg6
51.Rb6 Kf5 52.Rb5+ Kg6 53.Rb6 Kf7 54.Kh4 Rxg2 55.Bxb3 Bxb3 56.Rxb3 Kf6 57.Rb5 Rh2+
58.Kg3 Rh1 59.Kf4 Rh4+ 60.Ke3 Rh1 61.Ke4 h4 62.Rb6+ Kg5 63.f4+ Kg4 64.Rg6+ Kh3
65.f5 Re1+ 66.Kd5 Rd1+ 67.Ke6 Re1+ 68.Kf7 Kh2 69.f6 h3 70.Kg7 Rf1 71.f7 Rxf7+
72.Kxf7 Kh1 73.Kg7 h2 74.Kh8  1/2-1/2

[Event "ch-NED"]
[Site "Haaksbergen NED"]
[Date "2009.09.15"]
[Round "4"]
[White "Miedema,R"]
[Black "Giri,A"]
[Result "0-1"]
[WhiteElo "2396"]
[BlackElo "2552"]

1.d4 d5 2.c4 c6 3.Nc3 Nf6 4.e3 e6 5.Nf3 Nbd7 6.Qc2 Bd6 7.g4 h6 8.Bd2 dxc4
9.Bxc4 b5 10.Be2 Bb7 11.e4 Be7 12.g5 hxg5 13.Nxg5 c5 14.dxc5 b4 15.Na4 Rh4
16.c6 Rc8 17.cxd7+ Nxd7 18.Nxe6 fxe6 19.Qb3 Rxe4 20.Rg1 Qa5 21.Kf1 Rxe2 22.Kxe2 Ne5
23.Rg3 Qb5+ 24.Ke1 Ba6  0-1

[Event "7th ch-Mediterranean"]
[Site "Rijeka CRO"]
[Date "2009.09.16"]
[Round "8"]
[White "Martinovic,Sa"]
[Black "Adly,A"]
[Result "0-1"]
[WhiteElo "2516"]
[BlackElo "2554"]

1.d4 d5 2.c4 e6 3.Nc3 Nf6 4.Nf3 c6 5.e3 Nbd7 6.Qc2 Bd6 7.e4 Nxe4 8.Nxe4 dxe4
9.Qxe4 e5 10.dxe5 O-O 11.exd6 Re8 12.Qxe8+ Qxe8+ 13.Be3 Nf6 14.Bd3 Ne4 15.Bxe4 Qxe4
16.O-O Qxc4 17.Rfe1 Be6 18.b3 Qb4 19.Rad1 Bd5 20.d7 Qd6 21.Bc5 Qxd7 22.Re7 Qf5
23.Rde1 h6 24.Nd4 Qg5 25.g3 Qd2 26.Nf5 Qc2  0-1

[Event "XingQiu Open"]
[Site "Lishui CHN"]
[Date "2009.09.18"]
[Round "2"]
[White "Zhou Weiqi"]
[Black "Jia Haoxiang"]
[Result "1-0"]
[WhiteElo "2593"]
[BlackElo "2349"]

1.d4 d5 2.c4 c6 3.Nc3 Nf6 4.e3 e6 5.Nf3 Nbd7 6.Qc2 Bd6 7.Bd3 O-O 8.O-O e5
9.cxd5 cxd5 10.e4 dxe4 11.Nxe4 Nxe4 12.Bxe4 h6 13.Rd1 exd4 14.Rxd4 Qe7 15.Bd2 Nf6
16.Bf5 Bxf5 17.Qxf5 Rad8 18.Bxh6 Bxh2+ 19.Kxh2 Rxd4 20.Nxd4 gxh6 21.Qf4 Nd5
22.Qxh6 Qe5+ 23.Kg1 Qxd4 24.Qg5+ Kh8 25.Qh5+ Kg7 26.Rd1 Qxb2 27.Qg4+ Kf6
28.Qf3+ Kg7 29.Qg4+ Kf6 30.Rxd5 Qa1+ 31.Rd1 Qe5 32.Qh4+ Kg7 33.Qg4+ Kf6 34.g3 Rh8
35.Qf3+ Kg7 36.Qxb7 a6 37.Kg2 Rh6 38.Qf3 Qe6 39.Qc3+ Kh7 40.Qd3+ Kg7 41.Qd4+ Kh7
42.g4 Qc6+ 43.Qd5 Qc7 44.Rh1 Rxh1 45.Kxh1 Qf4 46.f3 Kg7 47.Kg2 Qe3 48.Kg3 Qe1+
49.Kf4 Qc1+ 50.Ke5 Qc7+ 51.Kd4 f6 52.Kd3 a5 53.g5 fxg5 54.Qxg5+ Kf7 55.Qf5+ Kg7
56.Qg4+ Kh6 57.Qh4+ Kg6 58.Qe4+ Kh6 59.a4 Kg5 60.Qg4+ Kh6 61.Qc4 Qd6+ 62.Qd4 Qa3+
63.Ke4 Qe7+ 64.Kf5 Qg5+ 65.Ke4 Qg6+ 66.Ke3 Qg1+ 67.Kd3 Qb1+ 68.Ke2 Qf5 69.Qe4 Qh5
70.Kd3 Qf7 71.Kd4 Qc7 72.Kd5 Qc3 73.Kd6 Qd2+ 74.Kc5 Qc3+ 75.Kb5 Kg5 76.Qd5+ Kf4
77.Qc4+ Qxc4+ 78.Kxc4  1-0

[Event "XingQiu Open"]
[Site "Lishui CHN"]
[Date "2009.09.19"]
[Round "3"]
[White "Le Quang Liem"]
[Black "Wang Rui"]
[Result "1-0"]
[WhiteElo "2602"]
[BlackElo "2435"]

1.d4 d5 2.c4 c6 3.Nc3 Nf6 4.e3 e6 5.Nf3 Nbd7 6.Qc2 Bd6 7.Bd3 O-O 8.O-O dxc4
9.Bxc4 b5 10.Be2 Bb7 11.e4 e5 12.Bg5 h6 13.Bh4 exd4 14.Nxd4 Qb8 15.Bg3 Bxg3
16.hxg3 b4 17.Na4 c5 18.Nxc5 Nxc5 19.Qxc5 Bxe4 20.Nf5 Qb6 21.Rac1 Kh8 22.Nd6 Bd5
23.Bf3 Bxf3 24.gxf3 Kg8 25.Nf5 Rfe8 26.Ne3 Red8 27.Rc4 Rd2 28.Rb1 Nd7 29.Qe7 a5
30.Rbc1 Qd8 31.Qe4 Nf6 32.Qf5 Qe8 33.Rc8 Rxc8 34.Rxc8 Rd8 35.Rc2 Ra8 36.Kg2 Qe6
37.Qxe6 fxe6 38.Rc5 Ra6 39.Rb5 Rd6 40.Rxa5 Rd2 41.b3 Kf7 42.Nc4 Rc2 43.Ne5+ Kg8
44.Ra6 Nd5 45.f4 Nc3 46.Rxe6 Kf8 47.Rb6 Nxa2 48.Rb8+ Ke7 49.Rb7+ Kf6 50.Rf7+ Ke6
51.Rxg7 Rc3 52.Rg6+ Kd5 53.Rxh6 Rxb3 54.g4 Ra3 55.g5 b3 56.Rb6 Kc5 57.Nd7+ Kc4
58.g6 Ra8 59.Nb8 Ra7 60.Nc6 Rg7 61.f5 Kc3 62.Kf3 b2 63.Kg4 Nc1 64.Rxb2 Kxb2
65.Ne5  1-0

[Event "XingQiu Open"]
[Site "Lishui CHN"]
[Date "2009.09.20"]
[Round "4"]
[White "Li Wenliang"]
[Black "Zeng Chongsheng"]
[Result "1/2-1/2"]
[WhiteElo "2452"]
[BlackElo "2323"]

1.d4 d5 2.c4 c6 3.Nc3 Nf6 4.e3 e6 5.Nf3 Nbd7 6.Bd3 dxc4 7.Bxc4 b5 8.Bd3 a6
9.e4 c5 10.e5 cxd4 11.Ne4 Nxe4 12.Bxe4 Ra7 13.Qxd4 Bc5 14.Qd3 Qc7 15.O-O Nxe5
16.Nxe5 Qxe5 17.b4 Bd4 18.Bf4 Qf6 19.Rac1 O-O 20.Bxh7+ Kh8 21.Bd6 Rd8 22.Be4 Rad7
23.Qh3+ Qh6 24.Qg3 Bxf2+ 25.Qxf2 Rxd6 26.Rc3 f5 27.Rh3 Qxh3 28.gxh3 fxe4
29.Qh4+ Kg8 30.Qxe4 e5 31.Rf3 Rd2 32.Rf2 Rd1+ 33.Rf1 R1d2 34.Rf2 Rd1+ 35.Rf1 R1d2
36.Rf2  1/2-1/2

[Event "Bolungarvik Open"]
[Site "Reykjavik ISL"]
[Date "2009.09.20"]
[Round "1"]
[White "Thorfinnsson,Bj"]
[Black "Ingvason,J"]
[Result "1-0"]
[WhiteElo "2395"]
[BlackElo "2119"]

1.d4 d5 2.c4 e6 3.Nc3 c6 4.e3 Nf6 5.Nf3 Nbd7 6.Qc2 Bd6 7.g4 dxc4 8.Bxc4 Nd5
9.e4 Nxc3 10.bxc3 b5 11.Be2 Bb7 12.a4 a6 13.Rg1 c5 14.Rb1 cxd4 15.Nxd4 Nc5
16.f3 Bxh2 17.Rh1 Bg3+ 18.Kf1 O-O 19.Kg2 Be5 20.axb5 Bxd4 21.cxd4 Nxe4 22.fxe4 Rc8
23.Qd3 f5 24.Bf3 fxe4 25.Bxe4 Bxe4+ 26.Qxe4 Rc2+ 27.Qxc2 Qd5+ 28.Kh2 Qd6+
29.Kg2 Qd5+ 30.Kh2 Qd6+ 31.Kh3 Rf3+ 32.Kh4 Qg3+ 33.Kh5 g6+ 34.Kh6 Qxg4 35.bxa6  1-0

[Event "XingQiu Open"]
[Site "Lishui CHN"]
[Date "2009.09.21"]
[Round "5"]
[White "Lou Yiping"]
[Black "Yu Lie"]
[Result "1/2-1/2"]
[WhiteElo "2398"]
[BlackElo "2328"]

1.c4 e6 2.d4 d5 3.Nc3 Nf6 4.Nf3 c6 5.e3 Nbd7 6.Bd3 dxc4 7.Bxc4 b5 8.Bd3 b4
9.Ne4 Nxe4 10.Bxe4 Bb7 11.O-O Bd6 12.a3 bxa3 13.b3 Qe7 14.Nd2 O-O 15.Nc4 Bb4
16.Bxa3 Bxa3 17.Rxa3 Nb6 18.Qa1 Qb4 19.Rc1 Rfc8 20.Na5 Nd5 21.Ra4 Qe7 22.Rac4 Qd7
23.h3 Rab8 24.Rc5 g6 25.Nc4 Ba8 26.Ra5 Rc7 27.Qa3 Qe7 28.Ne5 Qxa3 29.Rxa3 Rb6
30.Bxd5 exd5 31.Nd3 a6 32.Nc5 Bb7 33.Kf1 Bc8 34.Ke2 Kf8 35.Kd3 Ke7 36.Kc3 Kd6
37.Rca1 Ra7 38.Ra4 Ra8 39.Rb4 Kc7 40.Rxb6 Kxb6 41.h4 Ra7 42.f3 f5 43.Kd2 Rg7
44.Nd3 a5 45.Rc1 Ba6 46.Ne5 Bb5 47.g4 Ra7 48.g5 a4 49.bxa4 Rxa4 50.Nd7+ Kc7
51.Nf6 Kd6 52.Nxh7 Ra2+ 53.Rc2 Ra8 54.Nf6 Ra1 55.Ng4 Rh1 56.Ne5 Rxh4 57.Nxg6 Rh2+
58.Kc1 Rh1+ 59.Kb2 Bd3 60.Rf2  1/2-1/2

[Event "18th TCh-CRO"]
[Site "Sibenik CRO"]
[Date "2009.09.21"]
[Round "1"]
[White "Jovanic,O"]
[Black "Kovacevic,Vlat"]
[Result "1-0"]
[WhiteElo "2543"]
[BlackElo "2505"]

1.d4 d5 2.c4 c6 3.Nf3 Nf6 4.Nc3 e6 5.e3 Nbd7 6.Bd3 dxc4 7.Bxc4 b5 8.Bd3 a6
9.a4 b4 10.Ne4 c5 11.O-O Bb7 12.Nxf6+ Nxf6 13.dxc5 Bxc5 14.Qe2 O-O 15.e4 Be7
16.Rd1 Nd7 17.Be3 Qa5 18.Nd2 Nc5 19.Bc2 Rfd8 20.f3 Rac8 21.Nb3 Qc7 22.Nxc5 Bxc5
23.Bd3 Rd6 24.Rac1 Bxe3+ 25.Qxe3 Qd7 26.Be2 h6 27.Rxc8+ Bxc8 28.Rxd6 Qxd6
29.b3 g5 30.h4 gxh4 31.Qxh6 Qg3 32.Qd2 h3 33.Bf1 h2+ 34.Kh1 Kh7 35.Qd8 Qf2
36.Kxh2 Qxf1 37.Qxc8 Qd3 38.Qf8 Qxb3 39.Qxf7+ Kh8 40.Qf8+ Kh7 41.f4 Qc3 42.Qe7+ Kh8
43.f5 Qe5+ 44.Kh3 Qxe4 45.Qf8+ Kh7 46.Qf7+ Kh8 47.Qf8+ Kh7 48.Qf7+ Kh8 49.Qf6+ Kh7
50.fxe6 Qd3+ 51.g3 b3 52.Qf7+ Kh6 53.Qf6+ Kh7 54.e7 Qd7+ 55.Kh4 b2 56.Qf7+ Kh6
57.g4 Qxe7+ 58.Qxe7 b1=Q 59.Qf6+ Kh7 60.Qe7+ Kg6 61.Qe6+ Kg7 62.Qd7+ Kg6
63.Qd6+ Kg7 64.Qc7+ Kg6 65.Qc6+ Kg7 66.Kh5 Qd3 67.Qh6+ Kf7 68.Qf4+ Kg7 69.Qe5+ Kf7
70.a5 Qc4 71.Qf5+ Kg7 72.Qg6+ Kh8 73.Qe8+ Kg7 74.Qe7+ Kh8 75.Qd8+ Kg7 76.Qd7+ Kh8
77.Kg6 Qc2+ 78.Qf5  1-0

[Event "18th TCh-CRO b"]
[Site "Sibenik CRO"]
[Date "2009.09.21"]
[Round "1"]
[White "Erdos,V"]
[Black "Ragger,M"]
[Result "1/2-1/2"]
[WhiteElo "2591"]
[BlackElo "2561"]

1.d4 d5 2.c4 c6 3.Nc3 Nf6 4.e3 e6 5.Nf3 a6 6.c5 b6 7.cxb6 Nbd7 8.Bd2 Nxb6
9.Rc1 c5 10.Bd3 Bb7 11.O-O Rc8 12.Qe2 c4 13.Bc2 Be7 14.Ne5 O-O 15.f4 Nbd7
16.Be1 Ne8 17.Rf3 f5 18.g4 Nd6 19.Rh3 g6 20.gxf5 Nxf5 21.Bxf5 Rxf5 22.Ng4 Kg7
23.Nh6 Rf8 24.Qg4 Nf6 25.Qg2 Ne8 26.Bg3 Nd6 27.Qf2 Nf5 28.Nxf5+ Rxf5 29.Bh4 Rb8
30.Rc2 Bc6 31.Qe1 Qd7 32.Bxe7 Qxe7 33.Rg3 a5 34.h3 a4 35.a3 Rb3 36.Kh2 Rf8
37.Rgg2 Qf6 38.Qg3 Qf5 39.Qg5 Qxg5 40.Rxg5 Rfb8 41.Rgg2 Kf6 42.h4 R3b7 43.Kg1 h6
44.Kf1 Rg7 45.Ke1 Rbg8 46.Rcf2 Ke7 47.Rg3 g5 48.hxg5 hxg5 49.Rfg2 Kf6 50.fxg5+ Rxg5
51.Rxg5 Rxg5 52.Rxg5 Kxg5 53.Kf2 Kf5 54.Kf3 Be8 55.Ke2 Bc6 56.e4+ Kf4 57.exd5 exd5
58.Kf2 Ba8 59.Ke2 Bc6 60.Kd2 Kf3  1/2-1/2

[Event "18th TCh-CRO b"]
[Site "Sibenik CRO"]
[Date "2009.09.21"]
[Round "1"]
[White "Biliskov,V"]
[Black "Vargic,D"]
[Result "1-0"]
[WhiteElo "2281"]
[BlackElo "2384"]

1.d4 e6 2.c4 Nf6 3.Nf3 d5 4.Nc3 c6 5.e3 Nbd7 6.Qc2 Bd6 7.b3 O-O 8.Be2 e5
9.dxe5 Nxe5 10.cxd5 cxd5 11.Bb2 Nxf3+ 12.Bxf3 d4 13.exd4 Re8+ 14.Kf1 g6 15.h3 Bf5
16.Qd1 Qa5 17.Bxb7 Rab8 18.Qf3 Bb4 19.Bc6 Rec8 20.d5 Nxd5 21.Nxd5 Qa6+ 22.Kg1 Qxc6
23.g4 Qc2 24.Be5 Rb5 25.gxf5 Rd8 26.Nxb4 Rxb4 27.fxg6 Qxg6+ 28.Kh2 Qe6 29.Rhg1+ Kf8
30.Bg7+ Ke8 31.Bc3  1-0

[Event "Bolungarvik Open"]
[Site "Reykjavik ISL"]
[Date "2009.09.22"]
[Round "4"]
[White "Thorfinnsson,Br"]
[Black "Thorhallsson,T"]
[Result "1-0"]
[WhiteElo "2360"]
[BlackElo "2433"]

1.d4 d5 2.c4 e6 3.Nc3 Nf6 4.Nf3 c6 5.e3 Nbd7 6.Qc2 Bd6 7.Bd3 dxc4 8.Bxc4 b5
9.Be2 Bb7 10.O-O O-O 11.a3 Qe7 12.e4 e5 13.dxe5 Nxe5 14.Nd4 g6 15.Bg5 Bc5
16.Nb3 Bb6 17.Kh1 Qe6 18.h3 Nc4 19.Bxf6 Qxf6 20.Bxc4 bxc4 21.Nd2 Bd4 22.Rac1 Ba6
23.f4 Rad8 24.e5 Qh4 25.Nf3 Qe7 26.f5 Bc8 27.f6 Qe6 28.Qe4 Qf5 29.Qxc6 Bxc3
30.Rxc3 Be6 31.Qc5 Rd3 32.Rxd3 Qxd3 33.Kg1 h6 34.Rf2 Bd5 35.Rd2 Qb1+ 36.Kh2  1-0

[Event "18th TCh-CRO b"]
[Site "Sibenik CRO"]
[Date "2009.09.22"]
[Round "2"]
[White "Jakovljevic,Vlado"]
[Black "Komljenovic,D"]
[Result "0-1"]
[WhiteElo "2416"]
[BlackElo "2433"]

1.Nf3 d5 2.d4 Nf6 3.c4 c6 4.Nc3 e6 5.e3 Nbd7 6.Qc2 Bd6 7.e4 dxe4 8.Nxe4 Nxe4
9.Qxe4 Bb4+ 10.Bd2 Bxd2+ 11.Nxd2 c5 12.dxc5 O-O 13.Qe3 Qa5 14.a3 Qxc5 15.Qxc5 Nxc5
16.b4 Nd7 17.O-O-O Nf6 18.Bd3 b6 19.Ne4 Bb7 20.Nxf6+ gxf6 21.Be2 Rfc8 22.Kb2 Kf8
23.Rhg1 Rd8 24.g3 Ke7 25.Kc3 Rac8 26.Rxd8 Rxd8 27.Ra1 Ra8 28.Rd1 f5 29.Rd4 Rh8
30.Bh5 e5 31.Rd1 Bc8 32.Be2 Be6 33.b5 Kf6 34.a4 e4 35.Rd6 Ke5 36.Rd1 f4 37.a5 h5
38.axb6 axb6 39.Kb4 f3 40.Bf1 h4 41.c5 bxc5+ 42.Kc3 hxg3 43.hxg3 Ra8 44.Rb1 Ra3+
45.Kc2 Ra2+ 46.Rb2 Rxb2+ 47.Kxb2 Kd6 48.Kc3 Kc7 49.Kd2 Kb6 50.Ke3 f5 51.g4 fxg4
52.Kxe4 c4 53.Kd4 Kxb5  0-1

[Event "USCL 2009"]
[Site "ICC INT"]
[Date "2009.09.23"]
[Round "4"]
[White "Sinanan,J"]
[Black "Bayaraa,Z"]
[Result "1-0"]
[WhiteElo "2249"]
[BlackElo "2205"]

1.d4 e6 2.c4 d5 3.Nf3 Nf6 4.Nc3 c6 5.e3 Bd6 6.Qc2 Nbd7 7.b3 O-O 8.Be2 b6
9.O-O Bb7 10.Bb2 Rc8 11.Rfd1 Qe7 12.Rac1 c5 13.cxd5 exd5 14.dxc5 bxc5 15.Qf5 Qe6
16.Qg5 h6 17.Qh4 Rfd8 18.h3 Nf8 19.Nb5 Be7 20.Qa4 a6 21.Nc3 N8d7 22.Qa5 Bd6
23.Rc2 Ne5 24.Na4 Nxf3+ 25.Bxf3 Nd7 26.Rcd2 Bc7 27.Qc3 Be5 28.Qc2 Bxb2 29.Qxb2 Ne5
30.Be2 Rc7 31.Qc3 Rdc8 32.Qa5 Qg6 33.Qb6 Qf5 34.Nxc5 Ba8 35.Nxa6 Rc6 36.Qd4 Rg6
37.Kf1 Qg5 38.g3 Rf6 39.Kg2 Qf5 40.f4 Nc6 41.Qd3 Qxd3 42.Bxd3 Re8 43.Nc7 Rd8
44.Nxa8 Rxa8 45.e4 dxe4 46.Bxe4 Re8 47.Bxc6 Rxc6 48.Rd8 Kf8 49.Rxe8+ Kxe8
50.Rd2 Ke7 51.b4 Rc4 52.Rb2 Kd6 53.a4 Kc6 54.Rb3 Kb6 55.Kf3 f5 56.Ke3 Re4+
57.Kd3 g5 58.fxg5 hxg5 59.g4 Rf4 60.gxf5 Rxf5 61.Ke4 Rf4+ 62.Ke5 Rh4 63.Kf5  1-0

[Event "XingQiu Open"]
[Site "Lishui CHN"]
[Date "2009.09.23"]
[Round "7"]
[White "Lou Yiping"]
[Black "Li Hanbin"]
[Result "1-0"]
[WhiteElo "2398"]
[BlackElo "2291"]

1.c4 c6 2.d4 d5 3.Nc3 Nf6 4.e3 e6 5.Nf3 Nbd7 6.Bd3 dxc4 7.Bxc4 b5 8.Bd3 Bd6
9.O-O O-O 10.Qc2 Bb7 11.a3 a6 12.b4 a5 13.Rb1 axb4 14.axb4 Qe7 15.Qb3 Nd5
16.Nxd5 exd5 17.Qc2 Nf6 18.Ne5 Bxe5 19.dxe5 Qxe5 20.Bb2 Qe7 21.Bxf6 Qxf6
22.Bxh7+ Kh8 23.Bd3 Ra3 24.Rb3 Qe5  1-0

[Event "SPICE Cup B"]
[Site "Lubbuck USA"]
[Date "2009.09.23"]
[Round "5"]
[White "Diamant,A"]
[Black "Ippolito,D"]
[Result "1/2-1/2"]
[WhiteElo "2520"]
[BlackElo "2455"]

1.d4 d5 2.c4 c6 3.Nc3 Nf6 4.Nf3 e6 5.e3 Nbd7 6.Bd3 dxc4 7.Bxc4 b5 8.Bd3 Bb7
9.O-O a6 10.e4 c5 11.d5 c4 12.Bc2 Qc7 13.dxe6 fxe6 14.Ng5 Nc5 15.Be3 h6 16.Nxe6 Nxe6
17.e5 Qxe5 18.Bg6+ Ke7 19.Re1 Rd8 20.Qxd8+ Nxd8 21.Bc5+ Ke6 22.Rxe5+ Kxe5
23.Re1+ Be4 24.Nxe4 Nxe4 25.Rxe4+ Kf6 26.Re8 Nb7 27.Bxf8 Kxg6 28.Rb8 Kf5
29.f3 h5 30.Rc8 g5 31.Kf2 g4 32.Ke3 gxf3 33.Kxf3 Ke6 34.Rc6+ Kd5 35.Rf6 a5
36.Ke3 h4 37.Rf5+ Kc6 38.a3 Rg8 39.Kf3 Nd8 40.Rf6+ Kd7 41.Bc5 Nc6 42.Rd6+ Kc7
43.Rd5 b4 44.axb4 axb4 45.Be3 Re8 46.Bf4+ Kb6 47.Be3+ Kc7 48.Bf4+ Kb6 49.Be3+ Rxe3+  1/2-1/2

[Event "TCh-ROU Superliga"]
[Site "Eforie Nord ROU"]
[Date "2009.09.24"]
[Round "6"]
[White "Svetushkin,D"]
[Black "Itkis,B"]
[Result "1-0"]
[WhiteElo "2570"]
[BlackElo "2438"]

1.d4 d5 2.c4 c6 3.Nc3 Nf6 4.e3 e6 5.Nf3 Nbd7 6.Qc2 Be7 7.b3 O-O 8.Bd3 b6
9.O-O Bb7 10.Bb2 c5 11.cxd5 exd5 12.Ne5 a6 13.a4 Re8 14.Rad1 Nf8 15.Ne2 Rc8
16.Qb1 Bd6 17.Ng3 cxd4 18.exd4 Bb4 19.Rc1 g6 20.Rxc8 Qxc8 21.Rc1 Qe6 22.Rc7 Re7
23.Rc2 Ne8 24.Qc1 Bd6 25.Re2 Qc8 26.Qh6 f6 27.Nf3 Rxe2 28.Nxe2 Ng7 29.Qd2 Nge6
30.g3 Qd7 31.Kg2 Be7 32.h4 Ng7 33.Nfg1 Nfe6 34.Nh3 Bd6 35.Qe3 Bc8 36.Qf3 Nc7
37.Nhg1 Kf7 38.Bc1 Qe7 39.Nf4 Nge6 40.Nge2 Bxf4 41.Bxf4 Nxf4+ 42.Nxf4 Qd7
43.Qe2 a5 44.Qc2 Kf8 45.Kg1 Kg8 46.Bf1 Kg7 47.Bh3 f5 48.Bg2 h6 49.h5 g5 50.Nxd5 Nxd5
51.Bxd5 Ba6 52.Bc4 Bb7 53.Qe2 Be4 54.f3 Qd6 55.fxe4 Qxg3+ 56.Kf1 f4 57.Qg2 Qe3
58.Qg4 Qc1+ 59.Kg2 Qd2+ 60.Be2 Qxd4 61.Qe6 Qd2 62.Qg6+ Kf8 63.Qxg5 hxg5  1-0

[Event "18th TCh-CRO"]
[Site "Sibenik CRO"]
[Date "2009.09.24"]
[Round "4"]
[White "Franic,M"]
[Black "Bilobrk,F"]
[Result "1/2-1/2"]
[WhiteElo "2404"]
[BlackElo "2361"]

1.d4 Nf6 2.c4 e6 3.Nf3 d5 4.Nc3 c6 5.e3 Nbd7 6.a3 Bd6 7.Be2 O-O 8.h3 dxc4
9.Bxc4 b5 10.Bd3 Bb7 11.O-O a6 12.e4 e5 13.Bg5 h6 14.Bh4 Qe7 15.Bc2 Rfe8
16.Re1 Rad8 17.Qe2 g5 18.Bg3 Nh5 19.Bxe5 Nxe5 20.dxe5 Nf4 21.Qe3 Bc5 22.Qc1 Ng6
23.e6 fxe6 24.e5 Nf4 25.Ne4 Kg7 26.h4 Rf8 27.hxg5 Nh3+ 28.gxh3 Rxf3 29.Bd1 Rxd1
30.Qxd1 Bxf2+ 31.Kg2 Rf4 32.Qh5 c5 33.Re2 hxg5 34.Rxf2 Bxe4+ 35.Kg1 Rxf2
36.Kxf2 Qf8+ 37.Ke1 Qf4 38.Rd1 Qg3+ 39.Ke2 Bd5 40.Qg4 Qxe5+ 41.Kf1 Qe3 42.b4 Kg6
43.Rxd5 exd5 44.bxc5 Qxc5 45.Qe6+ Kg7 46.Qxa6 d4 47.Qe6 Kf8 48.Kg2 Kg7 49.Kf1 Qc1+
50.Kg2 Qc5 51.Kf1 Qxa3 52.Qd7+ Kh6 53.Qe6+ Kg7 54.Qd7+ Kg8 55.Qd5+ Kf8 56.Qd8+ Kf7
57.Qd5+ Ke7 58.Qxg5+ Kd6 59.Qxb5 Qxh3+ 60.Ke2 Qe3+ 61.Kd1 Qc3 62.Qb6+ Ke5
63.Qb5+ Kf4 64.Qb8+ Kf3 65.Qf8+ Kg2 66.Qg7+ Kf2 67.Qf6+ Qf3+ 68.Qxf3+ Kxf3
69.Kd2  1/2-1/2

[Event "18th TCh-CRO b"]
[Site "Sibenik CRO"]
[Date "2009.09.24"]
[Round "4"]
[White "Kazhgaleyev,M"]
[Black "Erdos,V"]
[Result "1-0"]
[WhiteElo "2643"]
[BlackElo "2591"]

1.d4 d5 2.c4 c6 3.Nc3 Nf6 4.e3 e6 5.Nf3 Nbd7 6.Bd3 dxc4 7.Bxc4 b5 8.Bd3 Bd6
9.O-O O-O 10.Qc2 Bb7 11.a3 Qe7 12.e4 e5 13.Ne2 a6 14.Ng3 g6 15.Bg5 c5 16.d5 c4
17.Be2 Qd8 18.b3 cxb3 19.Qxb3 Rb8 20.Nh4 Qb6 21.a4 Nc5 22.Qe3 Nfd7 23.axb5 axb5
24.Bh6 Rfc8 25.Nhf5 b4 26.Nxd6 Qxd6 27.f4 Ba6 28.Bxa6 Nxa6 29.f5 Nac5 30.fxg6 hxg6
31.Qf3 Rf8 32.h4 b3 33.Rab1 Kh7 34.Bxf8 Rxf8 35.h5 Qb6 36.Qe3 Kg8 37.Kh1 Qd8
38.Rf2 Qh4+ 39.Kg1 Ra8 40.Rbf1 f5 41.Rxf5 Nxe4 42.R5f3 Nef6 43.Qh6 Ng4 44.Qxg6+ Kh8
45.Qg7+ Kxg7 46.Nf5+ Kf6 47.Nxh4+ Kg5 48.Ng6 Rb8 49.Ne7 e4 50.Rf5+ Kh6 51.Nc6 Rb6
52.Rb1 Nc5 53.Na5 Ne3 54.Re5 Ng4 55.Re8 Rb5 56.Nc4 Rb4 57.Nb2 Rd4 58.Rd1 Nd3
59.Rb8 Ngf2 60.Rb1 Ng4 61.Rxb3 Nf4 62.Rd1 Rxd5 63.Rxd5 Nxd5 64.Nc4 Ngf6 65.Ne3 Nxe3
66.Rxe3 Kxh5 67.Ra3 Kg5 68.Kf2 Ng4+ 69.Kg3 Nh6 70.Kh3 Nf7 71.Ra7 Ne5 72.Kg3 Kf5
73.Ra4 Nd3 74.Ra5+ Ne5 75.Kf2 Kf6 76.Rb5 Ng4+ 77.Kg3 Ne3 78.Kf2 Ng4+ 79.Ke2 Kg6
80.Rb8 Kf5 81.Rf8+ Ke5 82.Rf7 Nf6 83.Kf2 Ng4+ 84.Kg3 Ne3 85.Re7+ Kf5 86.Re8 Nd5
87.Kh4 Nf6 88.Re7 Kf4 89.Rf7 Ke5 90.g4 e3 91.g5 Ne4 92.Rf1 Kd4 93.g6 e2 94.Ra1 Nd6
95.Kg5 Ne4+ 96.Kf4 Nf6 97.Re1 Nd5+ 98.Kf3 Ke5 99.g7 Nf6 100.Rxe2+ Kf5 101.Re8  1-0

[Event "TCh-ISL 2009-10"]
[Site "Rekjavik ISL"]
[Date "2009.09.25"]
[Round "1"]
[White "Gislason,G"]
[Black "Fridgeirsson,D"]
[Result "1-0"]
[WhiteElo "2348"]
[BlackElo "1775"]

1.d4 d5 2.c4 c6 3.Nc3 Nf6 4.e3 e6 5.Nf3 Nbd7 6.h3 Be7 7.cxd5 exd5 8.Bd3 O-O
9.g4 Bb4 10.Bd2 Bxc3 11.Bxc3 Ne4 12.Qc2 Re8 13.O-O-O b5 14.Be1 Qb6 15.Bxe4 dxe4
16.Nd2 c5 17.d5 Nf6 18.Nb3 Bb7 19.d6 b4 20.d7 Re5 21.d8=Q+ Rxd8 22.Rxd8+ Qxd8
23.Nxc5 Qb6 24.Nxb7 Qxb7 25.Kb1 Nd7 26.Bd2 Rc5 27.Qb3 a5 28.Rd1 Qc6 29.a3 bxa3
30.Bxa5 Rxa5 31.Rxd7 a2+ 32.Qxa2 Qxd7 33.Qxa5 Qd3+ 34.Ka2 g6 35.Qa8+ Kg7
36.Qc6 h5 37.gxh5 gxh5 38.Qc3+ Kg6 39.Qxd3 exd3 40.Kb3 Kg5 41.Kc3 Kh4 42.b4 Kxh3
43.b5 Kg2 44.b6 Kxf2 45.b7  1-0

[Event "Galicia Festival Blitz"]
[Site "Ourense ESP"]
[Date "2009.09.26"]
[Round "6"]
[White "Hernandez Carmenates,Hold"]
[Black "Martinez Martin,D"]
[Result "1-0"]
[WhiteElo "2561"]
[BlackElo "2399"]

1.d4 d5 2.c4 c6 3.Nc3 Nf6 4.e3 e6 5.Nf3 Nbd7 6.Bd3 dxc4 7.Bxc4 b5 8.Bd3 Bd6
9.O-O O-O 10.a3 Bb7 11.Ng5 h6 12.Nge4 Be7 13.b4 a5 14.Rb1 axb4 15.axb4 Nd5
16.Nxd5 exd5 17.Ng3 Nb6 18.Bc2 Bc8 19.Qd3 f5 20.f3 Nc4 21.e4 fxe4 22.fxe4 Rxf1+
23.Kxf1 Bh4 24.e5 Be6 25.Qh7+ Kf8 26.Bxh6 Ra7 27.Kg1 Bg8 28.Rf1+ Rf7 29.Qxg7+  1-0

[Event "IMA"]
[Site "Zdar nad Sazavou CZE"]
[Date "2009.09.26"]
[Round "1"]
[White "Rosko,L"]
[Black "Siebenburger,V"]
[Result "1-0"]
[WhiteElo "2298"]
[BlackElo "2144"]

1.d4 d5 2.c4 c6 3.Nf3 Nf6 4.e3 e6 5.Nc3 Nbd7 6.Qc2 Bd6 7.g4 Nxg4 8.Rg1 h5
9.h3 Nh6 10.e4 dxe4 11.Nxe4 Bb4+ 12.Bd2 Bxd2+ 13.Qxd2 Nf6 14.Nc3 Nf5 15.O-O-O b5
16.cxb5 cxb5 17.Bxb5+ Bd7 18.Bd3 g6 19.Ne5 Rc8 20.Kb1 Kf8 21.Bxf5 exf5 22.Qg5 Ne4
23.Nxe4 fxe4 24.Qf4 Bf5 25.Rxg6 fxg6 26.Nxg6+ Kg7 27.Qxf5 Qc7 28.Qxe4 Rhe8
29.Ne5 Re6 30.Rg1+ Kh8 31.Qf5  1-0